| Tag |
First Indicator |
Second Indicator |
Subfields |
| LEADER |
00000pam a2200000 i 4500 |
| 001 |
in00000060053 |
| 005 |
20151008051554.0 |
| 008 |
771003s1978 pau j 00011 eng |
| 010 |
|
|
|a 77021134
|
| 020 |
|
|
|a 0664326250
|
| 035 |
|
|
|a (OCoLC)03361397
|
| 035 |
|
|
|9 AAG8745AM
|
| 040 |
|
|
|a DLC
|c DLC
|d TXA
|d UtOrBLW
|
| 049 |
|
|
|a TXAS
|c [1102747]
|
| 050 |
0 |
0 |
|a PZ7.H7934
|b Jac
|
| 082 |
0 |
|
|a [Fic]
|
| 100 |
1 |
|
|a Hoskins, Robert,
|d 1933-1993.
|
| 245 |
1 |
0 |
|a Jack-In-The-Box Planet /
|c by Robert Hoskins.
|
| 250 |
|
|
|a 1st ed.
|
| 264 |
|
1 |
|a Philadelphia :
|b Westminister Press,
|c [1978]
|
| 264 |
|
4 |
|c ©1978
|
| 300 |
|
|
|a 155 pages ;
|c 21 cm.
|
| 336 |
|
|
|a text
|b txt
|2 rdacontent
|
| 337 |
|
|
|a unmediated
|b n
|2 rdamedia
|
| 338 |
|
|
|a volume
|b nc
|2 rdacarrier
|
| 520 |
|
|
|a Finally able to escape the sealed house where, under the care of robots, he has spent the years since the holocaust, Willie goes in search of other survivors on his planet.
|
| 650 |
|
1 |
|a Science fiction.
|
| 999 |
|
|
|a MARS
|
| 999 |
f |
f |
|s 561de77c-2193-3715-a78c-a84de9ecef7d
|i 2aa7bdcf-fe8b-3b73-a407-c97e4cdb8370
|t 0
|
| 952 |
f |
f |
|p noncirc
|a Texas A&M University
|b College Station
|c Cushing Memorial Library & Archives
|d Cushing: Science Fiction (Does not check out)
|t 0
|e PZ7.H7934 Jac
|h Library of Congress classification
|i unmediated -- volume
|m A14800456606
|
| 998 |
f |
f |
|a PZ7.H7934 Jac
|t 0
|l Cushing: Science Fiction (Does not check out)
|